[Event "Lloyds Bank Masters 15th"]
[Site "London"]
[Date "1991.08.25"]
[Round "9"]
[White "Petrosian, Arshak B"]
[Black "Ledger, Andrew J"]
[Result "1/2-1/2"]
[WhiteElo "2505"]
[BlackElo "2345"]
[PlyCount "59"]
[EventDate "1991.08.17"]
[EventType "swiss"]
[EventRounds "10"]
[EventCountry "ENG"]
[SourceTitle "BritBase"]
[Source "John Saunders"]
[SourceDate "2023.06.27"]
[SourceVersion "1"]
[SourceVersionDate "2023.06.27"]
[SourceQuality "1"]

1. d4 Nf6 2. c4 g6 3. g3 c6 4. Nf3 Bg7 5. Bg2 d5 6. Qb3 O-O 7. Nc3 b6 8. Ne5 e6
9. O-O Bb7 10. Rd1 Nfd7 11. Nxd7 Nxd7 12. e4 dxc4 13. Qxc4 Qc8 14. Qe2 c5 15.
d5 exd5 16. Nxd5 Re8 17. Bg5 Kh8 18. Rac1 a5 19. Qd2 Bxd5 20. Qxd5 Ne5 21. f4
Qg4 22. Rf1 f6 23. fxe5 fxg5 24. Rf7 Rad8 25. Qc6 Bxe5 26. Qb7 Rd1+ 27. Bf1
Bd4+ 28. Kh1 Bg7 29. Rxd1 Qxd1 30. Qxb6 1/2-1/2

[Event "Lloyds Bank Masters 15th"]
[Site "London"]
[Date "1991.08.25"]
[Round "9"]
[White "Thipsay, Praveen Mahadeo"]
[Black "Gabriel, Christian"]
[Result "1-0"]
[WhiteElo "2490"]
[BlackElo "2315"]
[PlyCount "77"]
[EventDate "1991.08.17"]
[EventType "swiss"]
[EventRounds "10"]
[EventCountry "ENG"]
[SourceTitle "BritBase"]
[Source "John Saunders"]
[SourceDate "2023.06.27"]
[SourceVersion "1"]
[SourceVersionDate "2023.06.27"]
[SourceQuality "1"]

1. e4 e5 2. Nf3 Nf6 3. Nxe5 d6 4. Nc4 Nxe4 5. Nc3 Nxc3 6. bxc3 Be7 7. d4 d5 8.
Ne3 O-O 9. Bd3 c6 10. O-O f5 11. Re1 Bd6 12. Nf1 Qf6 13. a4 Nd7 14. Ba3 Bxa3
15. Rxa3 Qd6 16. Rb3 c5 17. Rb5 c4 18. Be2 Nf6 19. Bf3 Bd7 20. Rxb7 g5 21. g3
f4 22. gxf4 Bc6 23. Rbe7 Qxf4 24. Qe2 Bxa4 25. Ne3 Rae8 26. Nxd5 Rxe7 27. Nxe7+
Kg7 28. Ra1 Bxc2 29. Rxa7 Kh6 30. Qxc2 Qxf3 31. Nf5+ Kh5 32. Ra6 Re8 33. Ng7+
Kg4 34. Nxe8 Nxe8 35. Re6 Nf6 36. Re3 Qa8 37. Qe2+ Kf4 38. Qxc4 Nd5 39. Re5 1-0

[Event "Lloyds Bank Masters 15th"]
[Site "London"]
[Date "1991.08.25"]
[Round "9"]
[White "Vaisser, Anatoly"]
[Black "Kumaran, Dharshan"]
[Result "1-0"]
[WhiteElo "2565"]
[BlackElo "2330"]
[PlyCount "75"]
[EventDate "1991.08.17"]
[EventType "swiss"]
[EventRounds "10"]
[EventCountry "ENG"]
[SourceTitle "BritBase"]
[Source "John Saunders"]
[SourceDate "2023.06.27"]
[SourceVersion "1"]
[SourceVersionDate "2023.06.27"]
[SourceQuality "1"]

1. d4 Nf6 2. c4 c5 3. d5 b5 4. cxb5 a6 5. f3 e6 6. e4 axb5 7. Bxb5 Ba6 8. Nc3
Bxb5 9. Nxb5 Qa5+ 10. Nc3 c4 11. Qe2 Qb4 12. Nh3 Bc5 13. Nf2 O-O 14. Bg5 exd5
15. Bxf6 d4 16. a3 Qb3 17. Qd2 gxf6 18. Ng4 Kh8 19. Nxf6 Rg8 20. Nxg8 dxc3 21.
bxc3 Kxg8 22. Qg5+ Kh8 23. Qd8+ Kg7 24. Qg5+ Kh8 25. Qxc5 Qxc3+ 26. Ke2 Qb2+
27. Ke3 Qc3+ 28. Ke2 Qb2+ 29. Ke3 Qc3+ 30. Kf4 Qd2+ 31. Qe3 Qd6+ 32. Kg4 Nc6
33. f4 f5+ 34. Kf3 Rg8 35. Rhd1 Qh6 36. Qc3+ Rg7 37. Rxd7 fxe4+ 38. Ke3 1-0

[Event "Lloyds Bank Masters 15th"]
[Site "London"]
[Date "1991.08.25"]
[Round "9"]
[White "Zoler, Dan"]
[Black "Corkett, Anthony R"]
[Result "1/2-1/2"]
[WhiteElo "2355"]
[BlackElo "2325"]
[PlyCount "122"]
[EventDate "1991.08.17"]
[EventType "swiss"]
[EventRounds "10"]
[EventCountry "ENG"]
[SourceTitle "BritBase"]
[Source "John Saunders"]
[SourceDate "2023.06.27"]
[SourceVersion "1"]
[SourceVersionDate "2023.06.27"]
[SourceQuality "1"]

1. d4 Nf6 2. c4 g6 3. Nc3 Bg7 4. e4 d6 5. Be2 O-O 6. Nf3 e5 7. O-O Nc6 8. Be3
Re8 9. dxe5 Nxe5 10. Nxe5 dxe5 11. Qxd8 Rxd8 12. Nd5 Ne8 13. Ne7+ Kh8 14. Nxc8
Raxc8 15. Rfd1 a6 16. b4 Bf8 17. c5 c6 18. Bc4 Kg7 19. f4 exf4 20. Bxf4 Be7 21.
Rf1 f6 22. Be3 Nc7 23. Rf2 Rd7 24. Raf1 Re8 25. e5 f5 26. g4 Bh4 27. Re2 fxg4
28. e6 Nxe6 29. Bxe6 Rxe6 30. Bh6+ Kxh6 31. Rxe6 Bg5 32. Rd6 Re7 33. Kg2 Kh5
34. Rf2 Kh4 35. Rd3 Kh5 36. a3 h6 37. Rc2 Bf4 38. Rf2 g5 39. Rc2 Kg6 40. h3 Kf5
41. Kf2 h5 42. Re2 Rf7 43. Re8 gxh3 44. Rxh3 Kg4 45. Rd3 Bg3+ 46. Kg1 h4 47.
Re4+ Bf4 48. Re8 Bg3 49. Re4+ Kf5 50. Red4 Re7 51. Rd7 Re1+ 52. Kg2 Re2+ 53.
Kf1 Re1+ 54. Kg2 Kg4 55. Rxg3+ hxg3 56. Rd4+ Kf5 57. Rd7 Kf4 58. Rxb7 Re2+ 59.
Kg1 g2 60. Kh2 Ra2 61. Rc7 Rxa3 1/2-1/2

[Event "Lloyds Bank Masters 15th"]
[Site "London"]
[Date "1991.08.25"]
[Round "9"]
[White "Zueger, Beat"]
[Black "Chandler, Murray G"]
[Result "1/2-1/2"]
[WhiteElo "2430"]
[BlackElo "2605"]
[PlyCount "88"]
[EventDate "1991.08.17"]
[EventType "swiss"]
[EventRounds "10"]
[EventCountry "ENG"]
[SourceTitle "BritBase"]
[Source "John Saunders"]
[SourceDate "2023.06.27"]
[SourceVersion "1"]
[SourceVersionDate "2023.06.27"]
[SourceQuality "1"]

1. d4 Nf6 2. c4 e6 3. Nf3 b6 4. g3 Ba6 5. b3 d5 6. cxd5 exd5 7. Bg2 Bb4+ 8. Bd2
Bxd2+ 9. Qxd2 O-O 10. Nc3 Re8 11. Ne5 c5 12. O-O Bb7 13. Rfd1 Qe7 14. e3 Na6
15. Rac1 Nc7 16. Nd3 Ne6 17. Nf4 Nxf4 18. exf4 Rad8 19. Re1 Ne4 20. Qe3 Kf8 21.
Nxe4 cxd4 22. Qxd4 dxe4 23. Qe5 Qxe5 24. fxe5 Rd4 25. Red1 Rxd1+ 26. Rxd1 Rxe5
27. Rd7 Re7 28. Rd8+ Re8 29. Rd7 Bc6 30. Rxa7 Rd8 31. Kf1 Rd2 32. Ke1 Rb2 33.
Bh3 Bb5 34. Bg4 Bd3 35. Bd1 b5 36. h4 g6 37. a4 bxa4 38. bxa4 Kg7 39. a5 Kf6
40. Rc7 Kg7 41. h5 gxh5 42. Bxh5 Kh6 43. Bd1 Kg7 44. Bh5 Kh6 {Source: StarBase
4.56} 1/2-1/2

[Event "Lloyds Bank Masters 15th"]
[Site "London"]
[Date "1991.08.26"]
[Round "10"]
[White "Bagirov, Vladimir"]
[Black "Anagnostopoulos, Dimitrios"]
[Result "1-0"]
[WhiteElo "2485"]
[BlackElo "2395"]
[PlyCount "51"]
[EventDate "1991.08.17"]
[EventType "swiss"]
[EventRounds "10"]
[EventCountry "ENG"]
[SourceTitle "BritBase"]
[Source "John Saunders"]
[SourceDate "2023.06.27"]
[SourceVersion "1"]
[SourceVersionDate "2023.06.27"]
[SourceQuality "1"]

1. Nf3 Nf6 2. c4 g6 3. Nc3 Bg7 4. e4 d6 5. d4 O-O 6. h3 e5 7. d5 Na6 8. Bg5 h6
9. Be3 Nh5 10. Nd2 Qe8 11. Nb3 f5 12. c5 fxe4 13. cxd6 Nf4 14. dxc7 Nb4 15. Nc5
Bf5 16. Qb3 Nbd3+ 17. Nxd3 exd3 18. Qxb7 g5 19. g3 Qd7 20. Qc6 Qxc6 21. dxc6
Ne6 22. Bg2 e4 23. Nxe4 Bxb2 24. Rd1 Nxc7 25. O-O Rfd8 26. Rd2 1-0

[Event "Lloyds Bank Masters 15th"]
[Site "London"]
[Date "1991.08.26"]
[Round "10"]
[White "Canfell, Gregory"]
[Black "Ammann, Philipp"]
[Result "1-0"]
[WhiteElo "2355"]
[BlackElo "2275"]
[PlyCount "47"]
[EventDate "1991.08.17"]
[EventType "swiss"]
[EventRounds "10"]
[EventCountry "ENG"]
[SourceTitle "BritBase"]
[Source "John Saunders"]
[SourceDate "2023.06.27"]
[SourceVersion "1"]
[SourceVersionDate "2023.06.27"]
[SourceQuality "1"]

1. e4 c5 2. Nf3 e6 3. d4 cxd4 4. Nxd4 Nf6 5. Nc3 d6 6. Be2 Be7 7. O-O a6 8. a4
Qc7 9. f4 Nc6 10. Be3 O-O 11. Kh1 Re8 12. Bf3 Bd7 13. Nb3 Na5 14. e5 dxe5 15.
fxe5 Nc4 16. Bf4 Nxb2 17. Qd4 Rac8 18. exf6 Bxf6 19. Bxc7 Bxd4 20. Nxd4 Rxc7
21. Nde2 Rec8 22. Rfb1 Nxa4 23. Nxa4 Rxc2 24. Nb6 1-0

[Event "Lloyds Bank Masters 15th"]
[Site "London"]
[Date "1991.08.26"]
[Round "10"]
[White "Ernst, Thomas"]
[Black "Tozer, Richard JD"]
[Result "1-0"]
[WhiteElo "2525"]
[BlackElo "2340"]
[PlyCount "79"]
[EventDate "1991.08.17"]
[EventType "swiss"]
[EventRounds "10"]
[EventCountry "ENG"]
[SourceTitle "BritBase"]
[Source "John Saunders"]
[SourceDate "2023.06.27"]
[SourceVersion "1"]
[SourceVersionDate "2023.06.27"]
[SourceQuality "1"]

1. e4 c5 2. Nf3 e6 3. d4 cxd4 4. Nxd4 Nc6 5. Nb5 d6 6. c4 Nf6 7. N1c3 a6 8. Na3
b6 9. Be3 Bb7 10. Qb3 Nd7 11. Be2 Be7 12. O-O Qc7 13. Rfd1 O-O 14. Rac1 Nc5 15.
Qc2 Bf6 16. Qd2 Bxc3 17. Qxc3 Nxe4 18. Qd3 Ne5 19. Qd4 Nd7 20. b4 f5 21. f3 e5
22. Qd3 f4 23. fxe4 fxe3 24. Qxd6 Qxd6 25. Rxd6 Nf6 26. Rxb6 Bxe4 27. Nc2 Rfd8
28. Nxe3 Rd2 29. Bf3 Bxf3 30. gxf3 e4 31. fxe4 Re8 32. c5 Nxe4 33. Rc2 Rd3 34.
Nf1 Re5 35. c6 Rg5+ 36. Rg2 Rf5 37. c7 Rc3 38. Rb8+ Rf8 39. Re2 Nd6 40. Rd2 1-0

[Event "Lloyds Bank Masters 15th"]
[Site "London"]
[Date "1991.08.26"]
[Round "10"]
[White "Fatin, Tarek"]
[Black "Lalic, Susan Kathryn"]
[Result "0-1"]
[WhiteElo "2400"]
[BlackElo "2275"]
[PlyCount "126"]
[EventDate "1991.08.17"]
[EventType "swiss"]
[EventRounds "10"]
[EventCountry "ENG"]
[SourceTitle "BritBase"]
[Source "John Saunders"]
[SourceDate "2023.06.27"]
[SourceVersion "1"]
[SourceVersionDate "2023.06.27"]
[SourceQuality "1"]

1. c4 c5 2. Nc3 e6 3. g3 d5 4. Bg2 Nf6 5. cxd5 exd5 6. Nf3 d4 7. Nb1 Nc6 8. O-O
Be7 9. Na3 O-O 10. Nc4 Re8 11. d3 Bf8 12. Bg5 h6 13. Bxf6 Qxf6 14. a4 Bg4 15.
Re1 Re6 16. h3 Bh5 17. Nfd2 Rae8 18. Ne4 Qe7 19. g4 Bg6 20. Ng3 Nb4 21. Be4 Qh4
22. Kg2 Rxe4 23. dxe4 Rxe4 24. Nd2 Re6 25. Nf3 Qd8 26. Rc1 Bd6 27. Nf5 Bxf5 28.
gxf5 Re4 29. e3 d3 30. Rg1 Qf6 31. Nd2 Rh4 32. Rc4 Rxc4 33. Nxc4 Qxf5 34. Qg4
Qd5+ 35. Kf1 g6 36. b3 Bh2 37. Rg2 Be5 38. f4 Bc3 39. Qd1 Nc2 40. Kg1 Qe4 41.
Rg3 d2 42. Kh2 Ne1 43. Nxd2 Bxd2 44. Qxd2 Nf3+ 45. Rxf3 Qxf3 46. Qd8+ Kg7 47.
Qe7 Qd5 48. Kg3 b6 49. a5 Qe6 50. Qxa7 Qxe3+ 51. Kg2 bxa5 52. Qxa5 Qxf4 53.
Qxc5 Qd2+ 54. Kf3 Qd1+ 55. Kg2 Qxb3 56. Qe5+ Kh7 57. Qc7 Qd5+ 58. Kg3 Qg5+ 59.
Kf3 Qf5+ 60. Kg2 h5 61. Qe7 g5 62. h4 gxh4 63. Kh1 Qf3+ 0-1

[Event "Lloyds Bank Masters 15th"]
[Site "London"]
[Date "1991.08.26"]
[Round "10"]
[White "Franklin, Michael J"]
[Black "Coleman, David J"]
[Result "0-1"]
[WhiteElo "2285"]
[BlackElo "2265"]
[PlyCount "102"]
[EventDate "1991.08.17"]
[EventType "swiss"]
[EventRounds "10"]
[EventCountry "ENG"]
[SourceTitle "BritBase"]
[Source "John Saunders"]
[SourceDate "2023.06.27"]
[SourceVersion "1"]
[SourceVersionDate "2023.06.27"]
[SourceQuality "1"]

1. d4 g6 2. Nf3 Bg7 3. c3 f5 4. g3 Nf6 5. Bg2 d6 6. O-O O-O 7. Qb3+ e6 8. Ng5
d5 9. f3 h6 10. Nh3 Na6 11. Bf4 Nh5 12. Be3 g5 13. f4 g4 14. Nf2 Nf6 15. Nd3 h5
16. Nd2 Ne4 17. Nxe4 dxe4 18. Ne5 c6 19. Rfd1 Nc7 20. c4 Qe8 21. Rac1 b6 22.
Bd2 Bxe5 23. fxe5 Bb7 24. Bf4 Rf7 25. e3 Qe7 26. Bf1 Rh7 27. a4 Rd8 28. a5 Na8
29. axb6 axb6 30. Ra1 Kg7 31. Ra7 Kg6 32. d5 cxd5 33. cxd5 Rxd5 34. Ba6 Qd8 35.
Ra1 Bxa6 36. R7xa6 Rc7 37. Rf1 Qc8 38. Raa1 b5 39. Qb4 Nb6 40. b3 Rdc5 41. Qa5
Nd5 42. b4 Rc2 43. Qxb5 Rb2 44. Rf2 Rxb4 45. Qa6 Rb1+ 46. Rf1 Rxf1+ 47. Qxf1
Nb4 48. Qb5 Nd3 49. Qb6 Rc1+ 50. Rxc1 Qxc1+ 51. Kg2 Qd2+ 0-1

[Event "Lloyds Bank Masters 15th"]
[Site "London"]
[Date "1991.08.26"]
[Round "10"]
[White "Gurevich, Ilya"]
[Black "Vaisser, Anatoly"]
[Result "1/2-1/2"]
[WhiteElo "2495"]
[BlackElo "2565"]
[PlyCount "116"]
[EventDate "1991.08.17"]
[EventType "swiss"]
[EventRounds "10"]
[EventCountry "ENG"]
[SourceTitle "BritBase"]
[Source "John Saunders"]
[SourceDate "2023.06.27"]
[SourceVersion "1"]
[SourceVersionDate "2023.06.27"]
[SourceQuality "1"]

1. e4 c5 2. Nf3 Nc6 3. d4 cxd4 4. Nxd4 Nf6 5. Nc3 e5 6. Ndb5 d6 7. Bg5 a6 8.
Na3 b5 9. Nd5 Be7 10. Nxe7 Nxe7 11. Bd3 Nd7 12. b4 h6 13. Be3 d5 14. exd5 Nxd5
15. Qf3 N7f6 16. Bc5 Bg4 17. Qg3 Nf4 18. h3 Bh5 19. Nxb5 Nxd3+ 20. cxd3 axb5
21. Qxe5+ Kd7 22. Qd6+ Kc8 23. Qc6+ Qc7 24. Qxa8+ Kd7 25. Qa7 Re8+ 26. Kf1 Qxa7
27. Bxa7 Nd5 28. Bc5 Nf4 29. Kg1 Nxd3 30. Bd4 f6 31. a3 Re2 32. Rd1 Bg6 33. Kh2
Kd6 34. Kg3 Kd5 35. Be3 Kc4 36. Ra1 Kb3 37. a4 bxa4 38. b5 a3 39. Rhd1 Nb4 40.
Bc5 a2 41. Kf3 Rb2 42. b6 Be8 43. Bxb4 Bc6+ 44. Kg3 Kxb4 45. b7 Bxb7 46. Rxa2
Rxa2 47. Rb1+ Kc5 48. Rxb7 g5 49. Rh7 Kd6 50. Rxh6 Ke5 51. Rg6 Kf5 52. Rg7 Rb2
53. f3 Rb4 54. Rg8 Rh4 55. Re8 Ra4 56. Re4 Rxe4 57. fxe4+ Kxe4 58. Kg4 Ke5
1/2-1/2

[Event "Lloyds Bank Masters 15th"]
[Site "London"]
[Date "1991.08.26"]
[Round "10"]
[White "Hebden, Mark L"]
[Black "Barua, Dibyendu"]
[Result "1/2-1/2"]
[WhiteElo "2485"]
[BlackElo "2550"]
[PlyCount "21"]
[EventDate "1991.08.17"]
[EventType "swiss"]
[EventRounds "10"]
[EventCountry "ENG"]
[SourceTitle "BritBase"]
[Source "John Saunders"]
[SourceDate "2023.06.27"]
[SourceVersion "1"]
[SourceVersionDate "2023.06.27"]
[SourceQuality "1"]

1. d4 d5 2. c4 dxc4 3. Nf3 a6 4. e3 Bg4 5. Bxc4 e6 6. h3 Bh5 7. Nc3 Nf6 8. g4
Bg6 9. Ne5 Nbd7 10. Nxg6 hxg6 11. Bf1 1/2-1/2

[Event "Lloyds Bank Masters 15th"]
[Site "London"]
[Date "1991.08.26"]
[Round "10"]
[White "Ledger, Andrew J"]
[Black "Davies, Nigel Rodney"]
[Result "0-1"]
[WhiteElo "2345"]
[BlackElo "2455"]
[PlyCount "68"]
[EventDate "1991.08.17"]
[EventType "swiss"]
[EventRounds "10"]
[EventCountry "ENG"]
[SourceTitle "BritBase"]
[Source "John Saunders"]
[SourceDate "2023.06.27"]
[SourceVersion "1"]
[SourceVersionDate "2023.06.27"]
[SourceQuality "1"]

1. Nf3 g6 2. g3 Bg7 3. Bg2 e5 4. d3 Nc6 5. O-O d6 6. c4 f5 7. Nc3 Nf6 8. Rb1
O-O 9. b4 h6 10. Nd2 g5 11. Nd5 Nxd5 12. cxd5 Ne7 13. Nc4 Ng6 14. Qc2 Rf7 15.
a4 h5 16. b5 b6 17. a5 Bd7 18. Bd2 h4 19. Rfc1 Qf6 20. Rb4 Raf8 21. Be1 Bh6 22.
Ra1 hxg3 23. hxg3 Kh8 24. axb6 axb6 25. Ra7 Nf4 26. Rxc7 Nxg2 27. Kxg2 f4 28.
Nd2 Qf5 29. Rxd7 Rxd7 30. f3 g4 31. Rc4 Rh7 32. Rc7 Bg7 33. gxf4 exf4 34. d4
Qh5 0-1

[Event "Lloyds Bank Masters 15th"]
[Site "London"]
[Date "1991.08.26"]
[Round "10"]
[White "Lev, Ronen"]
[Black "Murshed, Niaz"]
[Result "1/2-1/2"]
[WhiteElo "2425"]
[BlackElo "2510"]
[PlyCount "35"]
[EventDate "1991.08.17"]
[EventType "swiss"]
[EventRounds "10"]
[EventCountry "ENG"]
[SourceTitle "BritBase"]
[Source "John Saunders"]
[SourceDate "2023.06.27"]
[SourceVersion "1"]
[SourceVersionDate "2023.06.27"]
[SourceQuality "1"]

1. d4 d5 2. c4 dxc4 3. Nf3 Nf6 4. e3 Bg4 5. Bxc4 e6 6. Nc3 a6 7. h3 Bh5 8. g4
Bg6 9. Ne5 Nbd7 10. Nxg6 hxg6 11. g5 Nd5 12. Qg4 c6 13. Bd2 Be7 14. e4 Nb4 15.
O-O-O c5 16. Be3 Rc8 17. d5 Ne5 18. Qe2 1/2-1/2

[Event "Lloyds Bank Masters 15th"]
[Site "London"]
[Date "1991.08.26"]
[Round "10"]
[White "Rogers, Ian"]
[Black "Thipsay, Praveen Mahadeo"]
[Result "1/2-1/2"]
[WhiteElo "2565"]
[BlackElo "2490"]
[PlyCount "111"]
[EventDate "1991.08.17"]
[EventType "swiss"]
[EventRounds "10"]
[EventCountry "ENG"]
[SourceTitle "BritBase"]
[Source "John Saunders"]
[SourceDate "2023.06.27"]
[SourceVersion "1"]
[SourceVersionDate "2023.06.27"]
[SourceQuality "1"]

1. d4 Nf6 2. c4 g6 3. Nc3 Bg7 4. e4 d6 5. Be2 O-O 6. Bg5 Nbd7 7. Nf3 e5 8. d5
h6 9. Bh4 a5 10. Nd2 Nc5 11. O-O Qe8 12. b3 Nh7 13. a3 h5 14. h3 Bh6 15. Ra2
Bg5 16. Bxg5 Nxg5 17. h4 Nh7 18. b4 axb4 19. axb4 Rxa2 20. Nxa2 Nd7 21. Nc3 Qe7
22. Nf3 Ndf6 23. Qd2 Bg4 24. Ra1 Nd7 25. Ng5 Bxe2 26. Nxe2 Nb6 27. Qc1 Ra8 28.
Rxa8+ Nxa8 29. Qa3 Nb6 30. c5 dxc5 31. bxc5 Nxg5 32. hxg5 Nd7 33. d6 cxd6 34.
cxd6 Qxg5 35. Qa8+ Kg7 36. Qxb7 Nf6 37. Qb4 h4 38. Kf1 Qh5 39. Nc3 Qh6 40. Ke2
Qg5 41. Qb5 Qxg2 42. Qxe5 h3 43. d7 Qg4+ 44. Kf1 Qxd7 45. Nd5 Qe6 46. Qxe6 fxe6
47. Nf4 Nxe4 48. Nxh3 Kf6 49. Nf4 e5 50. Nd5+ Ke6 51. Ne3 Nf6 52. Kg2 Nd5 53.
Nc4 Kf5 54. Kf3 e4+ 55. Kg3 Kg5 56. f3 1/2-1/2

[Event "Lloyds Bank Masters 15th"]
[Site "London"]
[Date "1991.08.26"]
[Round "10"]
[White "Speelman, Jonathan S"]
[Black "Kengis, Edvins"]
[Result "1/2-1/2"]
[WhiteElo "2630"]
[BlackElo "2575"]
[PlyCount "110"]
[EventDate "1991.08.17"]
[EventType "swiss"]
[EventRounds "10"]
[EventCountry "ENG"]
[SourceTitle "BritBase"]
[Source "John Saunders"]
[SourceDate "2023.06.27"]
[SourceVersion "1"]
[SourceVersionDate "2023.06.27"]
[SourceQuality "1"]

1. d4 Nf6 2. c4 e6 3. Nc3 Bb4 4. e3 b6 5. Nge2 Bb7 6. a3 Be7 7. b4 a5 8. b5 d6
9. Ng3 h5 10. Be2 h4 11. Bf3 Qc8 12. Nge4 Nxe4 13. Nxe4 Nd7 14. h3 f5 15. Nc3
Nf6 16. O-O d5 17. Bb2 Qd7 18. Rc1 O-O 19. c5 bxc5 20. dxc5 c6 21. Na4 Qe8 22.
b6 g5 23. Be2 Qg6 24. Be5 Nd7 25. Bc7 e5 26. f3 Qe6 27. e4 fxe4 28. fxe4 Rxf1+
29. Bxf1 Nf6 30. exd5 Nxd5 31. Bc4 Kg7 32. Bxd5 cxd5 33. Qg4 Qxg4 34. hxg4 Bc6
35. b7 Bxb7 36. c6 Ba6 37. Nb6 Re8 38. Bxe5+ Kf7 39. Rc3 d4 40. Bxd4 Bd6 41.
Bf2 Re7 42. Rf3+ Ke6 43. Rf5 Rc7 44. Na4 Bxa3 45. Rxa5 Rxc6 46. Be3 Be7 47.
Bxg5 Bxg5 48. Rxg5 Kf6 49. Rh5 Kg6 50. Nc5 Be2 51. Ne4 Re6 52. Nf2 Bxg4 53.
Rxh4 Bf5 54. Rf4 Re2 55. g4 Bxg4 1/2-1/2

[Event "Lloyds Bank Masters 15th"]
[Site "London"]
[Date "1991.08.26"]
[Round "10"]
[White "Wells, Peter K"]
[Black "Rahman, Tahmidur"]
[Result "1-0"]
[WhiteElo "2465"]
[BlackElo "2305"]
[PlyCount "41"]
[EventDate "1991.08.17"]
[EventType "swiss"]
[EventRounds "10"]
[EventCountry "ENG"]
[SourceTitle "BritBase"]
[Source "John Saunders"]
[SourceDate "2023.06.27"]
[SourceVersion "1"]
[SourceVersionDate "2023.06.27"]
[SourceQuality "1"]

1. d4 Nf6 2. c4 c5 3. d5 b5 4. cxb5 a6 5. b6 d6 6. Nc3 g6 7. e4 Bg7 8. f4 Nbd7
9. Nf3 Nxb6 10. a4 a5 11. e5 Ng8 12. Bb5+ Bd7 13. Qe2 Kf8 14. Bxd7 Qxd7 15. O-O
Nh6 16. e6 fxe6 17. dxe6 Qc6 18. f5 gxf5 19. Nh4 Kg8 20. Bxh6 Bxh6 21. Nxf5 1-0

[Event "Lloyds Bank Masters 15th"]
[Site "London"]
[Date "1991.08.26"]
[Round "10"]
[White "Baker, Chris W"]
[Black "Corkett, Anthony R"]
[Result "1-0"]
[WhiteElo "2270"]
[BlackElo "2325"]
[PlyCount "102"]
[EventDate "1991.08.17"]
[EventType "swiss"]
[EventRounds "10"]
[EventCountry "ENG"]
[SourceTitle "BritBase"]
[Source "John Saunders"]
[SourceDate "2023.06.27"]
[SourceVersion "1"]
[SourceVersionDate "2023.06.27"]
[SourceQuality "1"]

1. d4 Nf6 2. g3 c5 3. Nf3 cxd4 4. Nxd4 e5 5. Nb3 d5 6. Bg2 h6 7. O-O Nc6 8. c4
Be6 9. cxd5 Bxd5 10. Nc3 Bxg2 11. Kxg2 Bb4 12. Bd2 O-O 13. a3 Bxc3 14. Bxc3 Qb6
15. Nd2 Rfd8 16. Qb3 Nd5 17. Qxb6 Nxb6 18. Ne4 Rd5 19. Rfd1 Rad8 20. Rxd5 Rxd5
21. g4 Kh7 22. h4 Na4 23. e3 h5 24. g5 Ne7 25. Bb4 Nf5 26. b3 Nb2 27. Kh3 Nd3
28. Be1 Kg6 29. b4 b6 30. Ng3 Rd7 31. Nxf5 Kxf5 32. Kg3 Rc7 33. b5 Rc4 34. f3
e4 35. Rd1 Rc2 36. Bb4 Re2 37. fxe4+ Kxe4 38. Rf1 Rxe3+ 39. Kh2 Ne5 40. Bd6
Nf3+ 41. Kh1 Rd3 42. Bb8 Rxa3 43. Rc1 Ke3 44. Rc7 Ra1+ 45. Kg2 Nxh4+ 46. Kh3
Nf3 47. Rxa7 Rh1+ 48. Kg2 Rg1+ 49. Kh3 Nxg5+ 50. Kh2 Nf3+ 51. Kh3 g5 1-0

[Event "Lloyds Bank Masters 15th"]
[Site "London"]
[Date "1991.08.26"]
[Round "10"]
[White "Chandler, Murray G"]
[Black "Ginsburg, Mark"]
[Result "1-0"]
[WhiteElo "2605"]
[BlackElo "2410"]
[PlyCount "65"]
[EventDate "1991.08.17"]
[EventType "swiss"]
[EventRounds "10"]
[EventCountry "ENG"]
[SourceTitle "BritBase"]
[Source "John Saunders"]
[SourceDate "2023.06.27"]
[SourceVersion "1"]
[SourceVersionDate "2023.06.27"]
[SourceQuality "1"]

1. e4 c5 2. Nf3 e6 3. d4 cxd4 4. Nxd4 a6 5. Bd3 Nf6 6. O-O d6 7. c4 Be7 8. Nc3
O-O 9. Qe2 Bd7 10. b3 Nc6 11. Nxc6 Bxc6 12. Bb2 g6 13. Rad1 Re8 14. e5 Nh5 15.
Be4 Qc7 16. Bxc6 bxc6 17. exd6 Bxd6 18. g3 f5 19. Na4 e5 20. c5 Bf8 21. Nb6
Rad8 22. Qxa6 f4 23. Qc4+ Qf7 24. b4 e4 25. a4 Qxc4 26. Nxc4 Rd3 27. Rxd3 exd3
28. a5 Bg7 29. Rd1 f3 30. h3 Rb8 31. Bxg7 Rxb4 32. Nb6 Nxg7 33. a6 1-0